Diverzifikácia energetickej infraštruktúry

Ropa – základná energetická surovina. Nedostatok ropy. Alternatívne možnosti náhrady ropy. Výhľad možností ťažby ropy v najbližšej budúcnosti. Analytici predpokladajú, že v krátkej dobe, 10 – 15 rokov vypukne spoločenská a hospodárska kríza a globálna recesia, ktorá bude mať väčší dopad na ľudstvo a...

Descrizione completa

Salvato in:
Dettagli Bibliografici
Autore principale: Oravský, Pavol
Natura: Capitolo di libro
Lingua:slovacco
Soggetti:
Tags: Aggiungi Tag
Nessun Tag, puoi essere il primo ad aggiungerne!!

MARC

LEADER 00000nla a2200000 4500
001 0179038
005 20240502083421.7
041 0 |a slo 
044 |a CZ 
245 1 0 |a Diverzifikácia energetickej infraštruktúry  |c Pavol Oravský 
520 |a Ropa – základná energetická surovina. Nedostatok ropy. Alternatívne možnosti náhrady ropy. Výhľad možností ťažby ropy v najbližšej budúcnosti. Analytici predpokladajú, že v krátkej dobe, 10 – 15 rokov vypukne spoločenská a hospodárska kríza a globálna recesia, ktorá bude mať väčší dopad na ľudstvo ako hospodárska kríza 30-tych rokov minulého storočia. Obávajú sa dokonca, že vyústi do vojen o ropu. 
610 2 0 |a ropa 
610 2 0 |a zdroje energie prírodné 
610 2 0 |a zdroje energie alternatívne 
610 2 0 |a kríza 
610 2 0 |a prognózy 
100 1 |a Oravský, Pavol